000 00660nam a2200253Ia 4500
003 OSt
005 20221005085225.0
006 a|||||r|||| 00| 0
007 ta
008 221004b |||||||| |||| 00| 0 eng d
020 _a0306811855
024 _a76462
037 _cTextual
040 _aCRL
_cCRL
_beng
041 _2eng
_aeng
082 _aV1-52, P0
100 _aBaker Alan
_9439391
245 0 _aGladiator
_b The secret history of rome's warrior slaves
260 _aNew York
_bDa Capo Press USA
_c2002
300 _a223p.
_ccm.
650 _aHISTORY
942 _hV1-52, P0
_cTEXL
_2cc
999 _c993894
_d993894